|
|
|
|
| LEADER |
00000nam a2200000Ii 4500 |
| 001 |
DIGCARPAR0005 |
| 003 |
NyNyDIG |
| 006 |
m o d |
| 007 |
cr ||||||||||| |
| 008 |
220413s2017 gt ob 000 0 spa d |
| 035 |
|
|
|a (OCoLC)1313666749
|
| 040 |
|
|
|a DGITA
|b eng
|e rda
|e pn
|c DGITA
|
| 020 |
|
|
|a 9789929542075
|q eBook
|q pdf
|
| 020 |
|
|
|z 9789929542068
|
| 043 |
|
|
|a ncgt---
|
| 050 |
1 |
4 |
|a LA453.7 ebook
|
| 100 |
1 |
|
|a Escobar Galo, Juan Pablo,
|e author.
|
| 245 |
1 |
0 |
|a Libre albedrío y vida escolar :
|b los estudiantes narran sus experiencias sobre la convivencia escolar y el ejercicio de la libertad /
|c Juan Pablo Escobar Galo.
|
| 264 |
|
1 |
|a Guatemala, Guatemala :
|b Editorial Cara Parens :
|b Universidad Rafael Landívar,
|c [2017]
|
| 300 |
|
|
|a 1 online resource.
|
| 336 |
|
|
|a text
|b txt
|2 rdacontent
|
| 337 |
|
|
|a computer
|b c
|2 rdamedia
|
| 338 |
|
|
|a online resource
|b cr
|2 rdacarrier
|
| 347 |
|
|
|a text file
|2 rdaft
|
| 347 |
|
|
|b PDF
|
| 490 |
1 |
|
|a Colección Monografías ;
|v 2
|
| 500 |
|
|
|a Based on the author's thesis (doctoral)--Universidad Rafael Landívar, 2017.
|
| 504 |
|
|
|a Includes bibliographical references.
|
| 588 |
0 |
|
|a Online resource; title from PDF title page (Digitalia, viewed April 13, 2022)
|
| 650 |
|
0 |
|a College students
|z Guatemala
|z Sacatepéquez (Department)
|x Conduct of life
|v Case studies.
|
| 650 |
|
0 |
|a College students
|x Political activity
|z Guatemala
|z Sacatepéquez (Department)
|v Case studies.
|
| 650 |
|
0 |
|a Student movements
|z Guatemala
|z Sacatepéquez (Department)
|v Case studies.
|
| 650 |
|
0 |
|a Civics
|x Study and teaching (Higher)
|z Guatemala
|z Sacatepéquez (Department)
|v Case studies.
|
| 655 |
|
0 |
|a Electronic books.
|
| 791 |
2 |
|
|a Digitalia (Firm),
|e distributor.
|
| 793 |
0 |
|
|g Digitalia eBook Collection:
|a Editorial Cara Parens
|
| 776 |
0 |
8 |
|i Print version:
|a Escobar Galo, Juan Pablo.
|t Libre albedrío y vida escolar.
|d Guatemala, Guatemala : Editorial Cara Parens : Universidad Rafael Landívar, [2017]
|z 9789929542068
|
| 830 |
|
0 |
|a Colección monografias (Editorial Cara Parens) ;
|v 2.
|
| 856 |
4 |
0 |
|3 Digitalia Hispánica
|u https://www.digitaliapublishing.com/a/70772/
|
| 910 |
|
|
|a Premium collection: 2022
|